Imię żeńskie na E - Statystyki

Ogólne statystyki
  • Ten quiz został rozwiązany 120 razy
  • Średni wynik to 5 z 9
Statystyki odpowiedzi
Odpowiedź % Poprawnych
Ewa
93%
Elżbieta
84%
Ewelina
75%
Emilia
64%
Eliza
52%
Elwira
52%
Edyta
48%
Eleonora
37%
Emanuela
16%
Nie znaleziono quizów pasujących do podanych kryteriów
Rozkład punktacji
Procent ludzi z każdym wynikiem
Percentyl według liczby udzielonych odpowiedzi
Twoja historia wyników
Nie rozwiązałeś tego quizu